|
|
|
|
| LEADER |
01155nam a2200241 i 4500 |
| 003 |
GR-PaULI |
| 005 |
20210117210934.0 |
| 008 |
190715s2006 sz |||g |||| 000 0 eng d |
| 952 |
|
|
|0 0
|1 0
|2 ddc
|4 0
|6 005_130000000000000_UCH
|7 0
|9 233967
|a LISP
|b LISP
|c BSC
|d 2019-07-15
|i 013282
|l 0
|o 005.13 UCH
|p 025000001528
|r 2019-07-15 00:00:00
|t 1
|v 2019.00
|w 2019-07-15
|y BK15
|x Μεταφορά Τμήματος Φιλολογίας
|
| 999 |
|
|
|c 141911
|d 141911
|
| 020 |
|
|
|a 1397828399012284
|
| 040 |
|
|
|a GR-PaULI
|b gre
|c GR-PaULI
|e AACR2
|
| 082 |
0 |
4 |
|2 23
|a 005.13
|
| 100 |
1 |
|
|9 177116
|a Uchida, Hiroshi
|e συγγραφέας.
|
| 245 |
1 |
0 |
|a Universal Networking Language /
|c Hiroshi Uchida, Meiying Zhu, Tarcisio G. Della Senta.
|
| 260 |
|
|
|a Geneva :
|b UNDL Foundation,
|c 2006.
|
| 300 |
|
|
|a 218 σ. :
|b εικ. ;
|c 23 εκ.
|
| 500 |
|
|
|a Δωρεά Βαρτζιώτη. Μάρτιος 2012.
|
| 650 |
|
4 |
|9 263
|a Ηλεκτρονικοί υπολογιστές
|x Γλώσσες προγραμματισμού.
|
| 700 |
1 |
|
|9 177117
|a Zhu, Meiying
|e συγγραφέας.
|
| 700 |
1 |
|
|9 177118
|a Della Senta, Tarcisio G.
|e συγγραφέας.
|
| 942 |
|
|
|2 ddc
|c BK15
|
| 998 |
|
|
|c ΒΑΣΙΛΕΙΟΥ
|d 2019-07
|